Normal view
MARC view
- English Heritage.
Entry Corporate Name
001 - CONTROL NUMBER
- control field: 25188
003 - CONTROL NUMBER IDENTIFIER
- control field: NUST
005 - DATE AND TIME OF LATEST TRANSACTION
- control field: 20191105113517.0
008 - FIXED-LENGTH DATA ELEMENTS
- fixed length control field: 191105|| aca||aabn | a|a d
040 ## - CATALOGING SOURCE
- Original cataloging agency: NUST
- Transcribing agency: NUST
110 ## - HEADING--CORPORATE NAME
- Corporate name or jurisdiction name as entry element: English Heritage.
670 ## - SOURCE DATA FOUND
- Source citation: Work cat.: (NUST)0: Bill Martin 25183, English Heritage practical building conservation. Conservation basics /, c2013.
